Marketing and Multicultural Diversity /

שמור ב:
מידע ביבליוגרפי
מחבר ראשי: Rao, C.P (ed.)
פורמט: ספר
שפה:אנגלית
יצא לאור: Hampshire, Inglaterra : Ashgate, 2006, c2006
סדרה:(New Perspectives in Marketing)
נושאים:
תגים: הוספת תג
אין תגיות, היה/י הראשונ/ה לתייג את הרשומה!

MARC

LEADER 00000nam^a2200000^a^4500
001 000187480
005 20250521000000.0
009 20260310102301.815
020 |a 0-7546-4326-3 
037 |a Acervo ITESO - Biblioteca 
041 |a ING 
082 |a 658. 8348  |b RAO 
100 |a Rao, C.P.  |e (ed.) 
245 1 0 |a Marketing and Multicultural Diversity /  |c Ed. e introd. de C.P. Rao. 
264 4 |a Hampshire, Inglaterra :  |b Ashgate,  |c 2006, c2006 
300 |a XII, 275 p. 
336 |a texto  |b txt  |2 rdacontenido 
337 |a sin mediación  |b n  |2 rdamedio 
338 |a volumen  |b nc  |2 rdasoporte 
440 1 |a (New Perspectives in Marketing) 
649 |a XX 
650 |a Comportamiento del Consumidor 
650 |a Investigación de Mercado -  |x Metodología 
650 |a Segmentación del Mercado 
650 |a Mercadotecnia de Exportación 
650 |a Mercadotecnia -  |x Aspectos Sociales y Culturales 
650 |a Diversidad Cultural 
650 |a Inmigración 
650 |a Migración 
650 |a Cultura Organizacional 
650 |a Ciencias Administrativas 
910 |a Fondo General 
920 |a Impresos - Libros 
930 |a Colección General 
905 |a 101 
901 |a 0500129725  |b IT1  |c ACC  |u 20250521 
902 |a https://opac.biblio.iteso.mx/vufind/Record/000187480